FAO yearbook production: 1992, Vol.46 FAO annuaire production

Shranjeno v:
Bibliografske podrobnosti
Glavni avtor: FAO
Format: Knjiga
Jezik:Undetermined
Izdano: Rome FAO 1992
Teme:
Oznake: Označite
Brez oznak, prvi označite!
Thư viện lưu trữ: Trung tâm Học liệu Trường Đại học Cần Thơ
LEADER 00506nam a2200193Ia 4500
001 CTU_3687
008 210402s9999 xx 000 0 und d
082 |a 338 
082 |b F218/V.46 
100 |a FAO 
245 0 |a FAO yearbook production: 1992, Vol.46 
245 0 |b FAO annuaire production 
245 0 |c FAO 
260 |a Rome 
260 |b FAO 
260 |c 1992 
650 |a produce trade 
904 |i Nguyễn Quang Điền, 960530 
980 |a Trung tâm Học liệu Trường Đại học Cần Thơ